书目信息 |
| 题名: |
以情动人以情感人
|
|
| 作者: | 韦尔奇, 著 ;陈涓海 译 | |
| 分册: | ||
| 出版信息: | 北京 中国商业出版社 2003.12 |
|
| 页数: | 480页 | |
| 开本: | 21cm | |
| 丛书名: | ||
| 单 册: | ||
| 中图分类: | C933.2 | |
| 科图分类: | ||
| 主题词: | 领导艺术--通俗读物 | |
| 电子资源: | ||
| ISBN: | 7-5044-4792-7 | |
| 000 | 00867nam0 2200253 450 | |
| 001 | 0134534481 | |
| 005 | 20051012105452.32 | |
| 010 | @a7-5044-4792-7@dCNY23.80 | |
| 100 | @a20050213d2003 km y0chiy0120 ea | |
| 101 | 1 | @achi@ceng |
| 102 | @aCN@b110000 | |
| 105 | @aacf z 000yy | |
| 200 | 1 | @a以情动人以情感人@Ayi qing dong ren yi qing gan ren@f韦尔奇著@Fwei er qi zhu@g陈涓海译@Gchen juan hai yi |
| 210 | @a北京@c中国商业出版社@d2003.12 | |
| 215 | @a480页@c图@d21cm | |
| 312 | @a英文题名取自封面。 | |
| 330 | @a本书内容有:以诚心感动人、用好心情感染人、耐心倾听下属的抱怨、贬已扬人等内容。 | |
| 510 | 1 | @aTouching with affection@zeng |
| 606 | 0 | @a领导艺术@x通俗读物 |
| 690 | @aC933.2@v4 | |
| 701 | 1 | @a韦尔奇,@Awei er qi,@bJ.@g(Welch, Jack),@f1935-@4著 |
| 702 | 0 | @a陈涓海@Achen juan hai@4译 |
| 801 | 0 | @aCN@bQSSK@c20051012 |
| 905 | @a10447@dC933.2@eW511 | |
| 以情动人以情感人/韦尔奇著/陈涓海译.-北京:中国商业出版社,2003.12 |
| 480页:图;21cm |
| ISBN 7-5044-4792-7:CNY23.80 |
| 本书内容有:以诚心感动人、用好心情感染人、耐心倾听下属的抱怨、贬已扬人等内容。 |
| ● |
| 相关链接 |
|
|
|
正题名:以情动人以情感人
索取号:C933.2/W511
 
预约/预借
| 序号 | 登录号 | 条形码 | 馆藏地/架位号 | 状态 | 备注 |
| 1 | 565591 | 205655913 | 社科库509/509社科库 65排8列4层/ [索取号:C933.2/W511] | 在馆 | |
| 2 | 565592 | 205655922 | 社科库509/ [索取号:C933.2/W511] | 在馆 | |
| 3 | 565593 | 205655931 | 社科库509/509社科库 65排8列4层/ [索取号:C933.2/W511] | 在馆 |